[Event "POR-ch"]
[Site "Viana do Castelo"]
[Date "2023.09.10"]
[Round "9"]
[White "Veiga, Jose Francisco RP"]
[Black "Fernandes, Antonio ETG"]
[Result "1-0"]
[WhiteElo "2354"]
[BlackElo "2321"]
[PlyCount "77"]
[EventDate "2023.09.03"]
[EventType "tourn"]
[EventRounds "9"]
[EventCountry "POR"]
[EventCategory "3"]
[SourceTitle "EXT 2024"]
[Source "ChessBase"]
[SourceDate "2023.10.10"]
[SourceVersion "1"]
[SourceVersionDate "2023.10.10"]
[SourceQuality "1"]

1. e4 e5 2. Nf3 Nc6 3. Bc4 Bc5 4. c3 Nf6 5. d3 a6 6. 0-0 d6 7. a4 Ba7 8. Re1 0-0 9. h3 Ne7 10. Bb3 Ng6 11. d4 c6 12. Nbd2 Re8 13. Bc2 Bb8 14. dxe5 dxe5 15. Nc4 Bc7 16. Qxd8 Rxd8 17. Be3 Be6 18. Nb6 Rab8 19. Ng5 Nf8 20. a5 h6 21. Nxe6 Nxe6 22. f3 Nf4 23. Nc4 Ne6 24. g3 Kf8 25. Rf1 Nd7 26. Kg2 Ke7 27. h4 Nf6 28. Kh3 Bd6 29. f4 exf4 30. gxf4 Bc5 31. f5 Bxe3 32. fxe6 Ba7 33. e5 Nh5 34. Rxf7+ Kxe6 35. Bg6 Rd3+ 36. Bxd3 Kxf7 37. Rf1+ Ke6 38. Bg6 Kd5 39. Bf7+ 1-0

[Event "Titled Tuesday intern op 05th Sep Late"]
[Site "Chess.com INT"]
[Date "2023.09.05"]
[Round "11"]
[White "Nilsen, Tobias Lang"]
[Black "Veiga, Jose Francisco RP"]
[Result "1-0"]
[WhiteElo "2219"]
[BlackElo "2354"]
[PlyCount "65"]
[EventDate "2023.09.05"]
[EventType "swiss (blitz)"]
[EventRounds "11"]
[EventCountry "USA"]
[SourceTitle "EXT 2024"]
[Source "ChessBase"]
[SourceDate "2023.10.10"]
[SourceVersion "1"]
[SourceVersionDate "2023.10.10"]
[SourceQuality "1"]

1. f4 d6 2. Nf3 Nc6 3. e4 g6 4. d4 Bg7 5. Be3 Nf6 6. Nc3 Bg4 7. h3 Bxf3 8. Qxf3 e5 9. fxe5 dxe5 10. 0-0-0 exd4 11. Bg5 h6 12. Bh4 Qd6 13. Nd5 Nxd5 14. exd5 Ne5 15. Bb5+ c6 16. dxc6 bxc6 17. Qe4 0-0 18. Rxd4 Qc5 19. Ba4 Rfe8 20. Kb1 Rab8 21. Bb3 Kh7 22. Rdd1 Rb4 23. Qe1 a5 24. Bf2 Qe7 25. a3 Rb7 26. Bd4 Rd8 27. Qc3 Rbd7 28. Ka2 Qg5 29. Rhe1 Qxg2 30. Bxe5 Bxe5 31. Rxd7 Bxc3 32. Rxf7+ Kh8 33. Ree7 1-0

[Event "Titled Tuesday intern op 05th Sep Early"]
[Site "Chess.com INT"]
[Date "2023.09.05"]
[Round "9"]
[White "Veiga, Jose Francisco RP"]
[Black "Berezin, Viktor1111"]
[Result "0-1"]
[WhiteElo "2354"]
[BlackElo "2307"]
[PlyCount "92"]
[EventDate "2023.09.05"]
[EventType "swiss (blitz)"]
[EventRounds "11"]
[EventCountry "USA"]
[SourceTitle "EXT 2024"]
[Source "ChessBase"]
[SourceDate "2023.10.10"]
[SourceVersion "1"]
[SourceVersionDate "2023.10.10"]
[SourceQuality "1"]

1. c4 Nf6 2. Nc3 g6 3. e4 d6 4. g3 Bg7 5. Bg2 0-0 6. Nge2 Nc6 7. 0-0 e5 8. Rb1 Nd7 9. b4 Nd4 10. d3 a5 11. a3 axb4 12. axb4 c6 13. Be3 Nxe2+ 14. Qxe2 f5 15. exf5 gxf5 16. Rfc1 Nf6 17. b5 Bd7 18. bxc6 bxc6 19. Bb6 Qe7 20. d4 f4 21. c5 Ng4 22. cxd6 Qg5 23. h3 fxg3 24. hxg4 Bxg4 25. Qc4+ Kh8 26. Ne4 gxf2+ 27. Kf1 Qh4 28. dxe5 Bh3 29. Nxf2 Bxg2+ 30. Kxg2 Qg5+ 31. Kf1 Qxe5 32. d7 Rf4 33. Qxf4 Qxf4 34. d8Q+ Rxd8 35. Bxd8 Bd4 36. Rc2 Qf5 37. Rbc1 c5 38. Ba5 Kg8 39. Be1 h5 40. Re2 h4 41. Rb1 Qxb1 42. Kg2 Qf5 43. Ne4 Qg4+ 44. Ng3 hxg3 45. Re8+ Kf7 46. Bxg3 Kxe8 0-1

[Event "Titled Tuesday intern op 05th Sep Early"]
[Site "Chess.com INT"]
[Date "2023.09.05"]
[Round "3"]
[White "Veiga, Jose Francisco RP"]
[Black "Khromkin, Andrey"]
[Result "1-0"]
[WhiteElo "2354"]
[BlackElo "2191"]
[PlyCount "65"]
[EventDate "2023.09.05"]
[EventType "swiss (blitz)"]
[EventRounds "11"]
[EventCountry "USA"]
[SourceTitle "EXT 2024"]
[Source "ChessBase"]
[SourceDate "2023.10.10"]
[SourceVersion "1"]
[SourceVersionDate "2023.10.10"]
[SourceQuality "1"]

1. c4 c5 2. Nf3 Nc6 3. a3 g6 4. Nc3 Bg7 5. Rb1 a6 6. b4 cxb4 7. axb4 d6 8. d4 b5 9. cxb5 axb5 10. e3 Bf5 11. e4 Bd7 12. Bxb5 Rb8 13. Bxc6 Bxc6 14. 0-0 Nf6 15. d5 Bd7 16. Nd4 0-0 17. b5 Ng4 18. h3 Ne5 19. Qb3 f5 20. Nc6 Bxc6 21. dxc6+ Kh8 22. Qc2 fxe4 23. Nxe4 Qc8 24. Be3 Rf3 25. Ng5 Rf5 26. Rfc1 h6 27. Ne4 Rf3 28. Ng3 h5 29. c7 Rb7 30. gxf3 h4 31. Ne4 Qxh3 32. c8Q+ Qxc8 33. Qxc8+ 1-0

[Event "Titled Tuesday intern op 05th Sep Late"]
[Site "Chess.com INT"]
[Date "2023.09.05"]
[Round "3"]
[White "Veiga, Jose Francisco RP"]
[Black "Van Roon, Sjoerd"]
[Result "1/2-1/2"]
[WhiteElo "2354"]
[BlackElo "2237"]
[PlyCount "112"]
[EventDate "2023.09.05"]
[EventType "swiss (blitz)"]
[EventRounds "11"]
[EventCountry "USA"]
[SourceTitle "EXT 2024"]
[Source "ChessBase"]
[SourceDate "2023.10.10"]
[SourceVersion "1"]
[SourceVersionDate "2023.10.10"]
[SourceQuality "1"]

1. c4 e5 2. Nc3 Nf6 3. Nf3 Nc6 4. e4 Bb4 5. d3 d6 6. Be2 0-0 7. 0-0 h6 8. h3 a5 9. Be3 Be6 10. a3 Bc5 11. d4 Nxd4 12. Nxd4 exd4 13. Bxd4 Bxd4 14. Qxd4 Nd7 15. b4 Qf6 16. Qxf6 Nxf6 17. f4 Rfe8 18. Bd3 Bd7 19. Rfe1 Bc6 20. Nd5 Bxd5 21. cxd5 axb4 22. axb4 Rxa1 23. Rxa1 Nxe4 24. Ra7 Nc3 25. Rxb7 Nxd5 26. Bc4 Nxf4 27. Rxc7 d5 28. Bf1 d4 29. b5 Rb8 30. g3 Ne6 31. Rd7 Kf8 32. Kf2 Ke8 33. Ra7 Nc5 34. Bc4 Ne4+ 35. Kg2 Nd6 36. Bd5 Kf8 37. Rd7 Nxb5 38. Rxf7+ Ke8 39. Rf4 Rb6 40. Bc4 Ke7 41. Bxb5 Rxb5 42. Rxd4 Re5 43. h4 Kf6 44. Kf3 Re6 45. Kf4 Ra6 46. h5 Ra5 47. Kg4 Rg5+ 48. Kh4 Ra5 49. Rf4+ Rf5 50. Ra4 Re5 51. g4 Rd5 52. Ra6+ Kf7 53. Ra4 Kf6 54. Rf4+ Ke6 55. Re4+ Kf7 56. Ra4 Kf6 1/2-1/2